| 000 | 00485nam a2200193Ia 4500 | ||
|---|---|---|---|
| 003 | GCL | ||
| 008 | 140319s9999 xx 000 0 aRus d | ||
| 040 |
_aGCL / _cGCL |
||
| 082 | 0 | 4 |
_a863 _bC I |
| 100 | 1 | _aCAMPOS, JORGE | |
| 245 | 1 | 0 |
_aINTRODUCTION A PIO BAROJA / _cCAMPOS, JORGE |
| 260 |
_a[S.N] : _bALIANZA EDITORIAL ، _c1981 |
||
| 300 | _a126P | ||
| 650 | 0 | 4 | _aLITERATURE |
| 650 | 0 | 4 | _aFICTION |
| 650 | 0 | 4 | _aSPANISH LITERATURE |
| 650 | 0 | 4 | _aSPANISH FICTION |
| 942 |
_2ddc _cBK |
||
| 999 |
_c11157 _d11157 |
||